Представление документа в формате MARC21

Поле Инд. ПП Название Значение
Тип записи a
Библиографический уровень b
001 Контрольный номер RU/IS/BASE/213731559
005 Дата корректировки 20200629065919.5
008 Кодируемые данные 20061009
040 b Код языка каталог. rus
e Правила каталог. PSBO
041 0_ a Код языка текста rus
084 a Индекс другой классификации/Индекс ББК 65.268.61(2Рос)-237
100 1_ a Автор Мишина В. Ю.
q Полное имя Мишина Виктория Юрьевна
245 10 a Заглавие Российский валютный рынок: достижения на пути либерализации
504 a Библиография Лит. в конце статьи
650 a Основная рубрика международные валютные отношения
a Основная рубрика международные финансовые отношения
a Основная рубрика финансы
a Основная рубрика экономика
a Основная рубрика экономическое прогнозирование
653 1_ a Ключевые слова банковские риски
a Ключевые слова валютные курсы
a Ключевые слова валютные фьючерсы
a Ключевые слова валютный рынок
a Ключевые слова волатильность валютных курсов
a Ключевые слова доллар США
a Ключевые слова евро
a Ключевые слова единая европейская валюта
a Ключевые слова либерализация валютного рынка
a Ключевые слова макроэкономика
a Ключевые слова Россия
a Ключевые слова своп-операции
a Ключевые слова срочный рынок
a Ключевые слова управление рисками (риск-менеджмент)
a Ключевые слова финансовая либерализация
a Ключевые слова финансовая система
a Ключевые слова Центральный Банк РФ (Банк России)
a Ключевые слова экономическая политика
700 a Автор Головнин М. Ю.
q Полное имя Головнин Михаил Юрьевич
773 0_ t Заглавие источника Проблемы прогнозирования
d Дата издания источника 2006
g Прочая информация № 4. - С. 113 - 125 : табл., диагр., граф.
w Контрольный № источника RU/IS/BASE/207762247
901 t Тип документа b